[Event "Hull Outaouais op"]
[Site "Hull"]
[Date "1998.10.24"]
[Round "3"]
[White "Brodie, Hugh"]
[Black "Arsenau, Peter"]
[Result "0-1"]
[WhiteElo "2030"]
[BlackElo "1815"]
[PlyCount "71"]
[EventDate "1998.10.23"]
[EventType "swiss"]
[EventRounds "5"]
[EventCountry "CAN"]
[SourceTitle "EXT 2022"]
[Source "ChessBase"]
[SourceDate "2021.10.06"]
[SourceVersion "1"]
[SourceVersionDate "2021.10.06"]
[SourceQuality "1"]

1. e4 e5 2. Nc3 Nf6 3. f4 d5 4. fxe5 Nxe4 5. Nf3 Be7 6. d4 Bg4 7. Bd3 Ng5 8. 0-0 Nxf3+ 9. gxf3 Bh3 10. Re1 Bh4 11. f4 Nc6 12. Be3 Qd7 13. Be2 0-0-0 14. Bf2 g5 15. Bxh4 gxh4 16. Kf2 Qf5 17. Qd2 f6 18. Bd3 Qe6 19. Ne2 fxe5 20. dxe5 Rdf8 21. Ng1 Rhg8 22. Bf1 Bxf1 23. Rxf1 Nxe5 24. Ne2 Nc4 25. Qd4 h3 26. Rg1 Kb8 27. Rg3 Nd6 28. Re3 Rg2+ 29. Ke1 Ne4 30. Ra3 c5 31. Qe5+ Qxe5 32. fxe5 Rxh2 33. Ng3 Nxg3 34. Rxg3 Rh1+ 35. Ke2 Rxa1 36. e6 0-1